[Event "XXIII Open"]
[Site "Cappelle la Grande FRA"]
[Date "2007.03.05"]
[Round "3"]
[White "Miroshnichenko, E."]
[Black "Mamedov, Nid"]
[Result "1-0"]
[WhiteElo "2632"]
[BlackElo "2549"]
[PlyCount "71"]
[EventDate "2007.03.03"]
[Source "www.chesslib.no"]
[SourceDate "2004.05.04"]

1. d4 Nf6 2. c4 g6 3. Nc3 Bg7 4. e4 d6 5. h3 O-O 6. Nf3 e5 7. d5 a5 8. Bg5 Na6 9. Nd2 Qe8 10. Be2 Nd7 11. g4 Ndc5 12. Nf1 f6 13. Be3 f5 14. gxf5 gxf5 15. exf5 Bxf5 16. Ng3 Bg6 17. h4 Nb4 18. h5 Ncd3+ 19. Kd2 Nxf2 20. Bxf2 Rxf2 21. hxg6 Qxg6 22. Nce4 Bh6+ 23. Kc3 Be3 24. Nxf2 Bxf2 25. Nh5 Bd4+ 26. Kb3 Nc2 27. Nf6+ Kf8 28. Bd3 Nxa1+ 29. Ka4 b5+ 30. cxb5 Qxf6 31. Rf1 Bf2 32. Qe2 Qf4+ 33. Be4 Ke7 34. Rxf2 Qc1 35. Qf1 Qxf1 36. Rxf1 1-0

[Event "Las Palmas"]
[Site "?"]
[Date "1993.??.??"]
[Round "?"]
[White "Krasenkov, M."]
[Black "van Wely, L."]
[Result "1/2-1/2"]
[WhiteElo "2595"]
[BlackElo "2585"]
[PlyCount "87"]
[EventDate "1993.??.??"]
[Source "ChessBase"]
[SourceDate "1993.10.01"]

1. d4 Nf6 2. c4 g6 3. Nc3 Bg7 4. e4 d6 5. Nf3 O-O 6. h3 e5 7. d5 a5 8. Bg5 Na6 9. Nd2 h6 10. Be3 Nc5 11. Be2 c6 12. a3 Nfd7 13. g4 a4 14. h4 Qa5 15. Kf1 Re8 16. h5 g5 17. Kg2 Bf6 18. Na2 Bd8 19. Nb4 Nb8 20. Nd3 Nxd3 21. Bxd3 Nd7 22. Nf1 Nc5 23. Bc2 Bb6 24. Ng3 Qa6 25. Qe2 Nb3 26. Bxb3 axb3 27. Qf3 Bd8 28. Rac1 c5 29. Nf5 Bxf5 30. Qxf5 Qa4 31. Qf3 b5 32. Qe2 Re7 33. Rh3 Rb7 34. Bd2 bxc4 35. Rxc4 Qb5 36. Rh1 Ba5 37. Bxa5 Rxa5 38. Rhc1 Ra4 39. Kf1 Ra8 40. Qd3 Kf8 41. Ke2 Ke7 42. R4c3 Qd7 43. f3 Rab8 44. Qc4 1/2-1/2

[Event "Alekhine op"]
[Site "Moscow"]
[Date "1992.??.??"]
[Round "?"]
[White "Kramnik, Vladimir"]
[Black "Smirin, Ilia"]
[Result "1/2-1/2"]
[WhiteElo "2625"]
[BlackElo "2555"]
[PlyCount "97"]
[EventDate "1992.10.??"]
[Source "ChessBase"]

1. d4 Nf6 2. c4 c5 3. d5 g6 4. Nc3 Bg7 5. e4 O-O 6. Nf3 d6 7. h3 e6 8. Bd3 Na6 9. Bg5 h6 10. Be3 Nc7 11. Qd2 Kh7 12. O-O e5 13. Kh2 Nh5 14. g3 a6 15. a4 Rb8 16. Ng1 Bd7 17. a5 b6 18. axb6 Rxb6 19. Nge2 f5 20. exf5 gxf5 21. Rab1 Nf6 22. f3 h5 23. Bc2 Kg8 24. Nd1 Rb4 25. b3 Qe8 26. Rg1 a5 27. Bh6 Qg6 28. Bxg7 Qxg7 29. Nf2 Ra8 30. Ra1 e4 31. fxe4 Nxe4 32. Nxe4 fxe4 33. Nf4 Qd4 34. Qe2 a4 35. Qxh5 axb3 36. Rxa8+ Nxa8 37. Qg5+ Qg7 38. Qd8+ Qf8 39. Qg5+ Qg7 40. Qd8+ Qf8 41. Qxd7 bxc2 42. Qg4+ Qg7 43. Qc8+ Qf8 44. Qe6+ Qf7 45. Qxe4 Nb6 46. Qxc2 Nxc4 47. Qc3 Ne5 48. Ra1 Qb7 49. Qa3 1/2-1/2

[Event "Acropolis MI"]
[Site "?"]
[Date "2005.03.08"]
[Round "3"]
[White "Gelashvili Tamaz"]
[Black "Inarkiev Ernesto"]
[Result "1/2-1/2"]
[WhiteElo "2577"]
[BlackElo "2602"]
[PlyCount "84"]
[EventDate "2005.??.??"]
[Source "www.chesslib.no"]
[SourceDate "2004.05.04"]

1. d4 Nf6 2. c4 g6 3. Nc3 Bg7 4. e4 d6 5. Nf3 O-O 6. h3 e5 7. d5 a5 8. Bg5 Na6 9. Nd2 Bd7 10. Be2 c6 11. O-O Kh8 12. Rc1 Qc7 13. a3 Ng8 14. Be3 c5 15. Nb5 Qb6 16. f4 Bh6 17. Rc3 exf4 18. Bxf4 Bxf4 19. Rxf4 Rae8 20. Rcf3 f6 21. Rf2 Bc8 22. h4 Nb8 23. Qb3 Qd8 24. Qg3 Qe7 25. h5 g5 26. R4f3 Rd8 27. Rb3 b6 28. Bg4 Bxg4 29. Qxg4 Nd7 30. Nf3 f5 31. Qxg5 fxe4 32. Qxe7 Nxe7 33. Ng5 Rxf2 34. Kxf2 Ne5 35. Rc3 e3+ 36. Kxe3 Rg8 37. Nf3 Nf5+ 38. Kf2 Ng4+ 39. Kg1 Ng3 40. Rd3 Ne2+ 41. Kf1 Re8 42. Nxd6 Ng3+ 1/2-1/2

[Event "Calviá ol (Men)"]
[Site "Mallorca"]
[Date "2004.10.24"]
[Round "9.6"]
[White "Jobava, Baadur"]
[Black "Nataf, Igor Alexandre"]
[Result "1/2-1/2"]
[WhiteElo "2614"]
[BlackElo "2565"]
[PlyCount "109"]
[EventDate "2004.10.15"]
[Source "Roberto Alvarez"]
[SourceDate "2004.10.25"]

1. d4 Nf6 2. c4 g6 3. Nc3 Bg7 4. e4 d6 5. Nf3 O-O 6. h3 e5 7. d5 a5 8. Bg5 Qe8 9. Be2 Nfd7 10. g4 Nc5 11. Rg1 Kh8 12. Qd2 Nba6 13. O-O-O Bd7 14. Kb1 c6 15. Bh6 cxd5 16. Bxg7+ Kxg7 17. Qxd5 Bc6 18. Qxd6 Bxe4+ 19. Kc1 Bxf3 20. Bxf3 Qe6 21. Rge1 Rae8 22. Rd5 Qc8 23. Ne4 Nxe4 24. Rxe4 Re6 25. Qa3 b6 26. Rdxe5 Rxe5 27. Rxe5 Qxc4+ 28. Qc3 Qxc3+ 29. bxc3 Rd8 30. Be2 Nc5 31. Kc2 Rd6 32. h4 h6 33. Re8 g5 34. hxg5 hxg5 35. Re5 Kg6 36. Re8 Kf6 37. Bc4 Kg7 38. Re5 Kg6 39. Bd5 f6 40. Rf5 Rd7 41. Bc4 Kg7 42. f4 gxf4 43. Rxf4 Kg6 44. Rf5 Rd8 45. Rh5 Kg7 46. Bd5 Re8 47. Kd2 Re5 48. Rxe5 fxe5 49. Ke3 Kf6 50. Bc6 Kg5 51. Kf3 Kh4 52. Bb5 Kg5 53. Bc6 Kh4 54. Bb5 Kg5 55. Bc6 1/2-1/2